[Event "SLO vs NED Juniors"]
[Site "Maribor SLO"]
[Date "2004.09.17"]
[Round "2"]
[White "Mikhalchishin,A"]
[Black "Janssen,R"]
[Result "1-0"]
[WhiteElo "2527"]
[BlackElo "2484"]

1.c4 Nf6 2.Nc3 c5 3.Nf3 b6 4.d4 cxd4 5.Nxd4 Bb7 6.Bg5 e6 7.e4 h6 8.Bxf6 Qxf6
9.Ndb5 Qe5 10.Qd2 a6 11.f4 Qc5 12.b4 Qc6 13.Nd4 Qc7 14.a3 Be7 15.Be2 O-O
16.O-O d6 17.f5 Bg5 18.Qd3 Nc6 19.fxe6 Nxd4 20.exf7+ Rxf7 21.Qxd4 Bf6 22.Rxf6 gxf6
23.Bh5 Rff8 24.Rf1 Rac8 25.Bg4 Rce8 26.Rf3 Re7 27.Bf5 b5 28.cxb5 axb5 29.Rh3 Bc8
30.Rxh6 Bxf5 31.exf5 Qc4 32.Qd5+  1-0

[Event "Tch-FIN 2004-5"]
[Site "Finland FIN"]
[Date "2004.09.19"]
[Round "2"]
[White "Norri,J"]
[Black "Rantanen,Y"]
[Result "1/2-1/2"]
[WhiteElo "2421"]
[BlackElo "2356"]

1.c4 c5 2.Nf3 Nf6 3.Nc3 e6 4.g3 b6 5.Bg2 Bb7 6.O-O Be7 7.d4 cxd4 8.Qxd4 d6
9.Bg5 a6 10.Bxf6 Bxf6 11.Qf4 Ra7 12.Rfd1 Be7 13.Ne4 Bxe4 14.Qxe4 O-O 15.Nd4 Rc7
16.Rd2 Qc8 17.b3 Re8 18.Rad1 Bf8 19.e3 Nd7 20.a4 Nf6 21.Qb1 Rc5 22.e4 Qc7
23.Nc2 Rc8 24.Nb4 Ra5 25.Nd3 Rh5 26.Bf3 Rg5 27.h4 Rg6 28.Nf4 Rh6 29.Ng2 Nd7
30.Ne3 Ne5 31.Be2 Rg6 32.Kh2 a5 33.Qb2 Qc5 34.Qd4 Nc6 35.Qc3 h5 36.f4 Rh6
37.Bf3 g6 38.Bg2 Rh7 39.Bh3 Re8 40.Rf1 Bg7 41.Qd3 Nb4 42.Qe2 Bc3 43.Rdd1 f5
44.Ng2 Rhe7 45.Ne1 Bxe1 46.Rdxe1 d5 47.cxd5 exd5 48.e5 Rc8 49.Bg2 Kh7 50.e6 d4
51.Qd1 Qd6 52.Re5 Rxe6 53.Rxe6 Qxe6 54.Qxd4 Rc2 55.Rd1 Qe2 56.Qd7+ Kh6 57.Rg1 Nd3
58.Qd8 Kh7 59.Qd7+ Kh6 60.Qf7 Nf2 61.Qf8+ Kh7  1/2-1/2

[Event "HUN-GER Match"]
[Site "Budapest HUN"]
[Date "2004.09.20"]
[Round "5"]
[White "Gustafsson,J"]
[Black "Balogh,C"]
[Result "1-0"]
[WhiteElo "2611"]
[BlackElo "2513"]

1.Nf3 Nf6 2.c4 c5 3.Nc3 b6 4.d4 cxd4 5.Nxd4 Bb7 6.f3 d6 7.e4 e6 8.Be3 Be7
9.Be2 a6 10.O-O O-O 11.Qd2 Nbd7 12.a4 Qc7 13.a5 bxa5 14.Nb3 Rab8 15.Nxa5 Ba8
16.Rfc1 Rfc8 17.Kh1 h5 18.Nd1 Ne5 19.Nf2 Nfd7 20.b4 Rd8 21.Rab1 Nc6 22.Nxc6 Qxc6
23.b5 Qc8 24.Nd3 h4 25.Qa5 Bb7 26.b6 Nc5 27.Nxc5 dxc5 28.Bf4 Bd6 29.e5 Be7
30.h3 Rd7 31.Be3 Ba8 32.Rd1 Rxd1+ 33.Bxd1 Bb7 34.Bc2 Qf8 35.Rd1 Rd8 36.Rxd8 Qxd8
37.Bxc5 Bg5 38.Qe1 Bf4 39.Bf2 g6 40.c5 a5 41.Be4 Bxe4 42.Qxe4 Qd1+ 43.Qe1 Qd5
44.Qxa5 Bxe5 45.Bxh4 Bd4 46.Be7 Bf2 47.Qa1  1-0

[Event "Premier League"]
[Site "Belgrade SCG"]
[Date "2004.09.25"]
[Round "1"]
[White "Vucicevic,Mo"]
[Black "Zivkovic,S"]
[Result "1/2-1/2"]
[WhiteElo "2339"]
[BlackElo "2311"]

1.Nf3 Nf6 2.c4 e6 3.Nc3 c5 4.g3 b6 5.Bg2 Bb7 6.O-O Be7 7.Re1 d5 8.cxd5 exd5
9.d4 Nbd7 10.Bf4 O-O 11.Rc1 Ne4 12.Nxe4 dxe4 13.Nd2 Nf6 14.Be5 cxd4 15.Bxf6 Bxf6
16.Nxe4 Bxe4 17.Bxe4 Rc8  1/2-1/2

[Event "IMB Classic"]
[Site "Gausdal NOR"]
[Date "2004.09.28"]
[Round "8"]
[White "Pedersen,Ch"]
[Black "Siebrecht,S"]
[Result "0-1"]
[WhiteElo "2357"]
[BlackElo "2340"]

1.Nf3 Nf6 2.c4 c5 3.Nc3 e6 4.g3 b6 5.Bg2 Bb7 6.O-O Be7 7.Re1 d6 8.e4 a6 9.d4 cxd4
10.Nxd4 Qc7 11.Be3 O-O 12.Rc1 Re8 13.f4 Nbd7 14.g4 Nc5 15.Bf2 g6 16.b4 Nxg4
17.Qxg4 Nd3 18.Bf1 Nxc1 19.Rxc1 d5 20.cxd5 exd5 21.Nce2 Qd8 22.e5 Bxb4 23.Bh4 Be7
24.Bxe7 Rxe7 25.Qg5 Rd7 26.Qxd8+ Raxd8 27.Bh3 Re7 28.Nc6 Bxc6 29.Rxc6 d4
30.Rd6 Rxd6 31.exd6 Re8 32.Nxd4 Rd8 33.Kf2 Rxd6 34.Ke3 Rd5 35.Bf1 b5 36.Be2 Rc5
37.Kd2 Kg7 38.h3 Kf6 39.h4 Ke7 40.Nb3 Rc7 41.Nd4 Kd7 42.Bd1 Kd6 43.Bb3 Kc5
44.Nf3 f6 45.a3 a5 46.Kc3 Re7 47.Kd3 a4 48.Bg8 Rd7+ 49.Kc3 Rg7 50.Ba2 Re7
51.Kd3 b4 52.axb4+ Kxb4 53.Bg8 Rd7+ 54.Ke4 Rg7 55.Bd5 Re7+ 56.Kd4 a3 57.Bg8 Rg7
58.Be6 Re7 59.Bg8 Re2 60.Kd3 a2 61.Bxa2 Rxa2 62.Kd4 Ra3 63.Ke4 f5+  0-1

[Event "IMB Classic"]
[Site "Gausdal NOR"]
[Date "2004.09.29"]
[Round "9"]
[White "Siebrecht,S"]
[Black "Unander,M"]
[Result "1-0"]
[WhiteElo "2340"]
[BlackElo "2186"]

1.c4 Nf6 2.Nc3 e6 3.Nf3 c5 4.g3 b6 5.Bg2 Bb7 6.O-O Be7 7.Re1 d6 8.e4 a6 9.d4 cxd4
10.Nxd4 Qc7 11.Be3 Nbd7 12.Rc1 O-O 13.f4 Rfe8 14.g4 Nf8 15.Rf1 Rac8 16.g5 N6d7
17.b3 Qd8 18.Qg4 d5 19.exd5 Ba3 20.Rcd1 Qc7 21.Bf2 Bb4 22.Nde2 b5 23.Ne4 bxc4
24.bxc4 exd5 25.cxd5 Qa5 26.N2g3 Rcd8 27.Nh5 Ng6 28.f5 Nge5 29.Qg3 Kh8 30.g6 fxg6
31.fxg6 h6 32.Be3 Bf8 33.Bxh6 Bxd5 34.Rxd5  1-0

[Event "VIII Itau Cup"]
[Site "Sao Paulo BRA"]
[Date "2004.09.30"]
[Round "7"]
[White "Galindo,V"]
[Black "Van Riemsdijk,D"]
[Result "0-1"]
[WhiteElo "2108"]
[BlackElo "2221"]

1.c4 c5 2.Nf3 Nf6 3.Nc3 d5 4.e3 d4 5.exd4 cxd4 6.Nb5 Nc6 7.d3 e5 8.Qe2 Bg4
9.h3 Bb4+ 10.Bd2 Bxf3 11.gxf3 Bxd2+ 12.Qxd2 a6 13.Na3 Qe7 14.Rg1 g6 15.O-O-O Nh5
16.Re1 O-O-O 17.Kb1 Qc5 18.Nc2 a5 19.a3 a4 20.Nb4 Nf4 21.Kc2 f6 22.Nxc6 bxc6
23.Qb4 Qxb4 24.axb4 Kc7 25.Ra1 Ra8 26.h4 Rhb8 27.Kd2 Rxb4 28.Ra2 Rab8 29.Kc2 Kd6
30.Kc1 Kc5 31.Kc2 Rb3 32.Rg3 Kb4 33.Rg1 a3 34.bxa3+ Ka4 35.Rh1 Rc3+ 36.Kd2 Rb1
37.Rg1 Kb3  0-1

[Event "Tatry Open"]
[Site "Tatranske Zruby SVK"]
[Date "2004.09.30"]
[Round "7"]
[White "Machycek,L"]
[Black "Bakalar,J"]
[Result "1-0"]
[WhiteElo "2271"]
[BlackElo "2074"]

1.c4 Nf6 2.Nc3 e6 3.Nf3 c5 4.g3 b6 5.Bg2 Bb7 6.O-O a6 7.b3 Be7 8.d4 cxd4
9.Qxd4 d6 10.Ba3 Nc6 11.Qf4 d5 12.Bxe7 Nxe7 13.Rfd1 Rc8 14.e4 Qc7 15.Ne5 dxc4
16.Nxc4 e5 17.Qg5 O-O 18.Nd5 Bxd5 19.exd5 Ng6 20.Re1 Rfe8 21.Rad1 h6 22.Qe3 b5
23.d6 Qc5 24.d7 Nxd7 25.Nd6 Re7 26.Nxc8 Qxc8 27.Bh3 Qb7 28.Rd6 Nf6 29.Red1 e4
30.Rd8+ Kh7 31.Bf5 Re5 32.Bxg6+ Kxg6 33.R8d6 Qc8 34.Kg2 Kh7 35.Rc1 Qb7 36.Qb6 Qxb6
37.Rxb6 a5 38.Rb7 Kg6 39.Rbc7 Rd5 40.R1c2 Nd7 41.Kf1 Kf5 42.Ke2 Kg4 43.Rd2 Rxd2+
44.Kxd2 Ne5 45.Ke3 f5 46.h4 g5 47.hxg5 hxg5 48.Rc5 Nf7 49.Rxb5 f4+ 50.gxf4 gxf4+
51.Ke2 Ng5 52.Rxa5 Nf3 53.b4 Nd4+ 54.Kf1 Kf3 55.Ra8 e3 56.fxe3 fxe3 57.Re8 e2+
58.Ke1 Nc2+ 59.Kd2 Nxb4 60.Rxe2 Nxa2 61.Re3+ Kf2 62.Rb3  1-0

[Event "TCh-Vojvodina"]
[Site "Sombor SCG"]
[Date "2004.10.01"]
[Round "9"]
[White "Micic,C"]
[Black "Tesic,D"]
[Result "1-0"]
[WhiteElo "2404"]
[BlackElo "2375"]

1.Nf3 Nf6 2.c4 c5 3.Nc3 b6 4.g3 Bb7 5.Bg2 g6 6.O-O Bg7 7.d4 cxd4 8.Qxd4 d6
9.Be3 Nbd7 10.b3 O-O 11.Qh4 Rc8 12.Rac1 a6 13.Rfd1 Rc7 14.Bh6 Qa8 15.Ne1 Bxh6
16.Qxh6 b5 17.Nd5 Nxd5 18.cxd5 Rfc8 19.Rxc7 Rxc7 20.h3 Nf6 21.e4 b4 22.Kh2 a5
23.Rd2 Qa7 24.Qg5 Qc5 25.e5 Ne8 26.Re2 dxe5 27.Qxe5 Qd6 28.Qg5 Nf6 29.Rd2 Kg7
30.Nc2 h6 31.Qh4 Qe5 32.Ne3 Ba6 33.Qd4 Qxd4 34.Rxd4 Ne8 35.Nc4 Bxc4 36.Rxc4 Rxc4
37.bxc4 Kf6 38.f4 Kf5 39.c5 a4 40.Bf1 b3 41.Bd3+ Kf6 42.axb3 a3 43.Bb1 Nc7
44.b4 Nxd5 45.b5 e6 46.b6 Nb4 47.b7 Nc6 48.Be4  1-0

[Event "VIII Itau Cup"]
[Site "Sao Paulo BRA"]
[Date "2004.10.02"]
[Round "9"]
[White "Aranha Filho,A"]
[Black "Felizes,P"]
[Result "1-0"]
[WhiteElo "2287"]
[BlackElo "2151"]

1.Nf3 Nf6 2.c4 c5 3.Nc3 e6 4.g3 d5 5.cxd5 exd5 6.d4 Nc6 7.Bg2 Be7 8.O-O O-O
9.Bg5 Be6 10.Rc1 c4 11.Ne5 h6 12.Bxf6 Bxf6 13.e4 dxe4 14.Nxc6 bxc6 15.Bxe4 Bh3
16.Re1 Bxd4 17.Qf3 Rb8 18.Rc2 Qc8 19.Bxc6 Bxc3 20.bxc3 Rb6 21.Be4 Rf6 22.Qe3 Re6
23.Qxa7 Rd8 24.Rce2 Rd7 25.Qe3 Rd3 26.Qf4 Rxc3 27.Rd1 Rd3 28.Bxd3 cxd3 29.Rxe6 Qxe6
30.Qb8+ Kh7 31.Qb3 Bf5 32.Qxe6 fxe6 33.f4 Kg6 34.Kf2  1-0

[Event "Monarch Assurance"]
[Site "Port Erin IOM"]
[Date "2004.10.03"]
[Round "9"]
[White "Ghaem Maghami,E"]
[Black "Handke,F"]
[Result "1-0"]
[WhiteElo "2552"]
[BlackElo "2461"]

1.c4 c5 2.Nf3 Nf6 3.Nc3 b6 4.e3 e6 5.d4 cxd4 6.exd4 Bb7 7.a3 Ne4 8.Nxe4 Bxe4
9.Bd3 Bxd3 10.Qxd3 Be7 11.d5 O-O 12.O-O Bf6 13.Rb1 Na6 14.b4 exd5 15.cxd5 Nc7
16.Bf4 Ne8 17.Rbc1 g6 18.Rfe1 Rc8 19.h3 Bg7 20.d6 Rxc1 21.Rxc1 Qf6 22.g3 Qe6
23.Ng5 Qa2 24.Ne4 Qe6 25.h4 Qf5 26.Re1 a5 27.Bg5 f6 28.Bd2 axb4 29.Bxb4 g5
30.hxg5 fxg5 31.Qe3 Nf6 32.Qxg5 Qxg5 33.Nxg5 Nd5 34.Kg2 Bd4 35.Nf3 Bg7 36.Ng5 Bd4
37.f4 Ne3+ 38.Kf3 Nf5 39.Rh1 h6 40.Ne4 Bg7 41.Rh5 Kh7 42.Rh2 Nd4+ 43.Ke3 Rc8
44.Kd3 Rc1 45.Bc3 Ne6 46.Bxg7 Kxg7 47.Rb2 Nc5+ 48.Nxc5 bxc5 49.Ra2 c4+ 50.Kd4 c3
51.a4 c2 52.Kc3 Rg1 53.Kxc2 Rxg3 54.a5 Kf6 55.a6 Rg8 56.Kd3 Ke6 57.a7 Ra8
58.Kc4 Kxd6 59.Kb5 Ke6 60.Kb6 Kf5 61.Ra4 h5 62.Kb7 Rg8 63.a8=Q Rxa8 64.Kxa8 h4
65.Kb7 h3 66.Ra3 Kg4 67.Rxh3  1-0

[Event "FSGM October"]
[Site "Budapest HUN"]
[Date "2004.10.05"]
[Round "4"]
[White "Banusz,T"]
[Black "Nyysti,S"]
[Result "1-0"]
[WhiteElo "2389"]
[BlackElo "2358"]

1.Nf3 Nf6 2.c4 c5 3.Nc3 e6 4.g3 b6 5.Bg2 Bb7 6.O-O a6 7.Re1 d6 8.e4 Nbd7
9.d4 cxd4 10.Nxd4 Qc7 11.Be3 Be7 12.f4 Rc8 13.Bf2 O-O 14.Rc1 g6 15.b3 Rfe8
16.e5 dxe5 17.fxe5 Nh5 18.Ndb5 axb5 19.Nxb5 Qb8 20.Qxd7 Bxg2 21.Kxg2 Qa8+
22.Kg1 Qxa2 23.Qd3 Bc5 24.Bxc5 bxc5 25.Ra1 Qb2 26.Rab1 Qa2 27.Nd6 Red8 28.Ra1 Qb2
29.Qf3 Rxd6 30.exd6 Qd4+ 31.Kh1 Qxd6 32.Ra7 Rc7 33.Rxc7 Qxc7 34.Rf1 h6 35.g4 Ng7
36.Ra1 Kh7 37.Ra8 Qe5 38.Ra2 f5 39.h3 Qe1+ 40.Kh2 e5 41.Re2 Qd1 42.gxf5 gxf5
43.Qe3 e4 44.Rd2 Qc1 45.Qf4 Qe1 46.Rg2 Qd1 47.Qe5 Qd7 48.b4 cxb4 49.c5 Ne8
50.c6 Qf7 51.Rd2 Kg6 52.Rd7 Qa2+ 53.Kg3 Qb3+ 54.Kh4  1-0

[Event "Tch-FIN 2004-5"]
[Site "Finland FIN"]
[Date "2004.10.09"]
[Round "3"]
[White "Laihonen,P"]
[Black "Kosmo,S"]
[Result "1-0"]
[WhiteElo "2267"]
[BlackElo "2185"]

1.Nf3 Nf6 2.c4 c5 3.Nc3 e6 4.g3 b6 5.Bg2 Bb7 6.O-O Be7 7.Re1 d6 8.e4 Nbd7
9.d4 cxd4 10.Nxd4 Qc7 11.Be3 Rc8 12.Rc1 Qb8 13.b3 Nc5 14.f3 O-O 15.Bf2 Rfe8
16.f4 Qa8 17.Qe2 Bf8 18.b4 Na6 19.a3 e5 20.fxe5 Rxe5 21.Qd3 Ng4 22.Nd5 Nc7
23.Bh3 Nxf2 24.Kxf2 Ne6 25.Nf3 Rh5 26.Bg4 Rh6 27.h4 Re8 28.Bxe6 Rhxe6 29.Nc7 Qc8
30.Nxe8 Qxe8 31.Nd4 Rxe4 32.Rxe4 Bxe4 33.Re1 f5 34.Qe3 Qf7 35.Rc1 Qf6 36.Ne2 d5
37.Qd4 Qf7 38.Nf4 dxc4 39.Qxc4 Bd6 40.Qc8+ Bf8 41.Ne6 a5 42.Qxf8+ Qxf8 43.Nxf8 Kxf8
44.Rc8+ Ke7 45.Rg8 axb4 46.axb4 b5 47.Rxg7+ Kd6 48.Rxh7 Kd5 49.Rc7  1-0

[Event "Essent Open"]
[Site "Hoogeveen NED"]
[Date "2004.10.22"]
[Round "8"]
[White "Giddins,S"]
[Black "Hensbergen,W"]
[Result "1-0"]
[WhiteElo "2248"]
[BlackElo "2126"]

1.c4 Nf6 2.Nc3 c5 3.Nf3 d5 4.cxd5 Nxd5 5.d4 Nxc3 6.bxc3 g6 7.e3 Bg7 8.Be2 O-O
9.O-O Nc6 10.Qb3 b6 11.Rd1 Qc7 12.Bb2 Na5 13.Qa3 Bd7 14.d5 c4 15.e4 Rad8
16.Nd4 a6 17.Bc1 Bc8 18.Bg5 Bf6 19.Be3 Be5 20.g3 f5 21.exf5 Bxf5 22.Bf3 Bxd4
23.Rxd4 Bd3 24.Bg4 h5 25.Be6+ Kh7 26.Bg5  1-0

[Event "Essent Open"]
[Site "Hoogeveen NED"]
[Date "2004.10.22"]
[Round "8"]
[White "Blees,A"]
[Black "Bitalzadeh,A"]
[Result "1-0"]
[WhiteElo "2408"]
[BlackElo "2289"]

1.c4 Nf6 2.Nc3 e6 3.Nf3 c5 4.g3 d5 5.cxd5 Nxd5 6.Bg2 Nxc3 7.dxc3 Qxd1+ 8.Kxd1 Nc6
9.Kc2 e5 10.Nd2 Bd7 11.Nc4 O-O-O 12.a4 Be7 13.b3 Rhe8 14.Be3 f6 15.Kb2 Kc7
16.Bd5 Bg4 17.f3 Rxd5 18.fxg4 Nd8 19.Raf1 h6 20.Bc1 Ne6 21.e4 Rd7 22.h4 Rf8
23.Kc2 b6 24.Rf5 Rh8 25.Rff1 a6 26.g5 h5 27.Rf5 Bd8 28.Rhf1 Kc8 29.gxf6 gxf6
30.Rxf6 Bxf6 31.Nxb6+ Kc7 32.Nxd7 Bxh4 33.Nxc5 Nxc5 34.gxh4 Rg8 35.Rf7+ Kc6
36.Rf6+ Kb7 37.Bg5 Nxe4 38.Rf5 Re8 39.Be3 Ng3 40.Rf7+ Kc6 41.c4 e4 42.b4 Rg8
43.Bf4  1-0

[Event "V Open"]
[Site "Sauzal ESP"]
[Date "2004.11.06"]
[Round "3"]
[White "Cifuentes Parada,R"]
[Black "Villavicencio,A"]
[Result "1-0"]
[WhiteElo "2540"]
[BlackElo "2346"]

1.Nf3 Nf6 2.c4 c5 3.Nc3 g6 4.d4 cxd4 5.Nxd4 Bg7 6.e4 d6 7.Be2 O-O 8.O-O Nc6
9.Be3 Nxd4 10.Bxd4 Be6 11.Qd2 Qa5 12.Rfd1 Rfc8 13.b3 Qd8 14.Rac1 Nd7 15.Be3 Nc5
16.f3 a5 17.Nb5 Bd7 18.Nd4 Be5 19.Bf1 a4 20.b4 Ne6 21.a3 Nxd4 22.Bxd4 Bxd4+
23.Qxd4 Be6 24.e5 dxe5 25.Qxe5 Qc7 26.Qe3  1-0

[Event "WYg18"]
[Site "Heraklio GRE"]
[Date "2004.11.07"]
[Round "5"]
[White "Papadopoulou,V"]
[Black "Kursova,M"]
[Result "1/2-1/2"]
[WhiteElo "2227"]
[BlackElo "2315"]

1.Nf3 c5 2.c4 Nf6 3.Nc3 e6 4.g3 b6 5.Bg2 Bb7 6.O-O Be7 7.d4 cxd4 8.Qxd4 O-O
9.Rd1 Nc6 10.Qf4 a6 11.b3 Rb8 12.Bb2 Ba8 13.Ne5 Nxe5 14.Qxe5 Bxg2 15.Kxg2 d6
16.Qf4 Qc7 17.Rac1 Qb7+ 18.Qf3 b5 19.cxb5 axb5 20.Rc2 d5 21.e3 b4 22.Na4 Rfc8
23.Rdc1 Rxc2 24.Rxc2 Rc8 25.Rxc8+ Qxc8 26.Qd1 Ne4 27.f3 Nf6 28.Qc1 Qxc1 29.Bxc1 Nd7
30.Bd2 Kf8 31.Nb2 Ne5 32.f4 Nc6 33.Kf3 f6 34.e4 Ke8 35.exd5 exd5 36.Nd3 Kd7
37.g4 Kc7 38.h4 Kb6 39.h5  1/2-1/2

[Event "EuCh-Internet KO"]
[Site "playchess.com INT"]
[Date "2004.11.07"]
[Round "3.4"]
[White "Psakhis,L"]
[Black "Adams,Mi"]
[Result "0-1"]
[WhiteElo "2545"]
[BlackElo "2740"]

1.Nf3 Nf6 2.c4 e6 3.Nc3 c5 4.g3 b6 5.Bg2 Bb7 6.O-O Be7 7.Re1 Ne4 8.Nxe4 Bxe4
9.d3 Bb7 10.e4 O-O 11.d4 cxd4 12.Nxd4 d6 13.Be3 Nd7 14.Rc1 a6 15.f4 Re8 16.Bf2 Qc7
17.b4 Rac8 18.Qb3 Qb8 19.f5 e5 20.Nc2 b5 21.Ne3 Bg5 22.cxb5 axb5 23.Rcd1 Nf6
24.Qd3 Red8 25.Qxb5 Nxe4 26.Bxe4 Bxe4 27.Qxb8 Rxb8 28.Nd5 Bxd5 29.Rxd5 Rxb4
30.Bc5 dxc5  0-1

[Event "FSGM November"]
[Site "Budapest HUN"]
[Date "2004.11.08"]
[Round "3"]
[White "Paschall,W"]
[Black "Boros,De"]
[Result "1-0"]
[WhiteElo "2394"]
[BlackElo "2414"]

1.c4 Nf6 2.Nc3 c5 3.Nf3 d5 4.cxd5 Nxd5 5.e3 Nxc3 6.bxc3 g6 7.Bc4 Bg7 8.O-O Qc7
9.Qe2 O-O 10.d4 Nc6 11.Bb2 b6 12.Rac1 Bb7 13.Rfd1 Rfd8 14.Bxf7+ Kh8 15.Ng5 e6
16.Bxe6 Rf8 17.d5 Nd8 18.d6 Qc6 19.Bd5 Qd7 20.c4 h6 21.Nf3 Nc6 22.Nh4 Kh7
23.Be4 Ne5 24.Bxb7 Qxb7 25.f4 Nd7 26.Nxg6  1-0

[Event "WYg16"]
[Site "Heraklio GRE"]
[Date "2004.11.11"]
[Round "9"]
[White "Gomes,M"]
[Black "Abrahamyan,T"]
[Result "1-0"]
[WhiteElo "2183"]
[BlackElo "2238"]

1.Nf3 Nf6 2.c4 c5 3.Nc3 b6 4.e3 Bb7 5.d4 cxd4 6.exd4 e6 7.Bd3 d6 8.O-O Be7
9.d5 e5 10.Ne1 O-O 11.f4 Nbd7 12.Nf3 Re8 13.Kh1 Bf8 14.Qc2 g6 15.f5 Bg7 16.fxg6 fxg6
17.Ng5 Nc5 18.Nce4 Nfxe4 19.Bxe4 Rf8 20.Be3 Nxe4 21.Qxe4 Bc8 22.Rxf8+ Qxf8
23.Ne6 Bxe6 24.dxe6 Re8 25.a4 Qf5 26.Qc6 Qxe6 27.a5 Rc8 28.Qb7 Qxc4 29.axb6 a5
30.h3 e4 31.Rxa5 Rf8 32.Qd5+ Qxd5 33.Rxd5 Be5 34.b7 Rb8 35.Rb5 d5 36.Ba7 e3
37.Bxe3 Rd8 38.Rc5 Rb8 39.Rxd5 Bg3 40.Rb5 Re8 41.Rb3 Bd6 42.g4 Kf7 43.Ba7 Bb8
44.Bxb8 Rxb8 45.Kg2 Kf6 46.Kf3  1-0

[Event "Acropolis WGM Open"]
[Site "Athens GRE"]
[Date "2004.11.20"]
[Round "5"]
[White "Tetenkina,I"]
[Black "Grapsa,G"]
[Result "1-0"]
[WhiteElo "2255"]
[BlackElo "2065"]

1.Nf3 Nf6 2.c4 c5 3.Nc3 d5 4.cxd5 Nxd5 5.g3 Nc6 6.Bg2 Nc7 7.d3 e5 8.Be3 Be7
9.Rc1 Bd7 10.Na4 b6 11.b4 cxb4 12.Nd2 Nd4 13.Bxd4 exd4 14.Rxc7 Qxc7 15.Bxa8 b5
16.Nb2 Bh3 17.Bd5 O-O 18.f4 Qxf4 19.Nf3 Qd6 20.Bb3 a5 21.Kf2 a4 22.Nxa4 bxa4
23.Bxa4 Rc8 24.Qd2 h6 25.Qf4 Qb6 26.Bb3 Rf8 27.Rc1 Bf6 28.g4 h5 29.g5 Be7
30.Qe4 Be6 31.Rc6 Qd8 32.Bxe6 fxe6 33.Qxe6+ Kh8 34.h4 Re8 35.Qg6 b3 36.axb3 Bb4
37.Qxh5+ Kg8 38.g6 Qd5  1-0

[Event "TCh-ISL 2004-5"]
[Site "Reykjavik ISL"]
[Date "2004.11.20"]
[Round "3"]
[White "Karlsson,B"]
[Black "Karason,A"]
[Result "1/2-1/2"]
[WhiteElo "2224"]
[BlackElo "2259"]

1.Nf3 c5 2.c4 Nf6 3.Nc3 b6 4.g3 Bb7 5.Bg2 g6 6.O-O Bg7 7.Re1 d6 8.d4 cxd4
9.Nxd4 Bxg2 10.Kxg2 Qc7 11.Qa4+ Nbd7 12.f3 Qb7 13.e4 O-O 14.Be3 Rac8 15.Nd5 Rfe8
16.Rac1 a6 17.Red1 e6 18.Nxf6+ Nxf6 19.Qb4 Bf8  1/2-1/2

[Event "TCh-ISL 2004-5"]
[Site "Reykjavik ISL"]
[Date "2004.11.21"]
[Round "4"]
[White "Bergsson,St"]
[Black "Ulfarsson,M"]
[Result "0-1"]
[WhiteElo "2163"]
[BlackElo "2398"]

1.Nf3 Nf6 2.c4 c5 3.Nc3 b6 4.g3 Bb7 5.Bg2 e6 6.O-O d6 7.Re1 Nbd7 8.e4 a6
9.d4 cxd4 10.Nxd4 Qc7 11.Qe2 Be7 12.Nc2 O-O 13.Bf4 Rac8 14.Ne3 h6 15.g4 Ne5
16.Bxe5 dxe5 17.a3 Bc5 18.Nc2 Bd4 19.Rab1 Qxc4 20.h3 Qxe2 21.Rxe2 Bxc3 22.bxc3 b5
23.Re3 Rc4 24.f3 Rfc8 25.Rb3 Nd7 26.Bf1 R4c7 27.c4 bxc4 28.Bxc4 Rxc4 29.Rxb7 Nc5
30.Rb2 Na4 31.Rb4 Rxc2 32.Rxa4 Ra2 33.Re1 Rc3 34.Rf1 Rcc2 35.Rd1 Rg2+ 36.Kh1 Rgf2
37.Rxa6 Rxf3 38.a4 Rxh3+ 39.Kg1 Rg3+ 40.Kf1 Rxg4  0-1

[Event "Lushki A"]
[Site "Serpukhov RUS"]
[Date "2004.11.21"]
[Round "4"]
[White "Dudukin,Ilya"]
[Black "Isajevsky,A"]
[Result "0-1"]
[WhiteElo "2431"]
[BlackElo "2432"]

1.Nf3 c5 2.c4 Nf6 3.Nc3 e6 4.g3 b6 5.Bg2 Bb7 6.O-O Be7 7.Re1 d6 8.e4 a6 9.d4 cxd4
10.Nxd4 Qc7 11.Be3 Nbd7 12.Rc1 Rc8 13.b3 O-O 14.g4 Nc5 15.f3 h6 16.Qd2 Rfe8
17.h4 Qb8 18.g5 Nh7 19.Bh3 Rcd8 20.gxh6 g6 21.h5 g5 22.b4 Bf6 23.Nde2 Nd7
24.f4 gxf4 25.Nxf4 Ne5 26.Qe2 Rc8 27.Kh2 Kh8 28.Bd4 Rg8 29.Rf1 Rg5 30.Be3 Rgg8
31.Bd4 Qc7 32.Qe3 Qe7 33.Nce2 Ng5 34.Ng6+ fxg6 35.Rxf6 Qxf6 36.Rf1 Qe7 37.Nf4 gxh5
38.Nd3 Nf7 39.c5 bxc5 40.bxc5 Kh7  0-1

[Event "Lushki B"]
[Site "Serpukhov RUS"]
[Date "2004.11.23"]
[Round "7"]
[White "Kulago,A"]
[Black "Khamitskiy,S"]
[Result "0-1"]
[WhiteElo "2095"]
[BlackElo "2230"]

1.Nf3 Nf6 2.c4 c5 3.Nc3 d5 4.cxd5 Nxd5 5.e4 Nb4 6.Bc4 Nd3+ 7.Kf1 e6 8.Bb5+ Nc6
9.Qa4 Be7 10.g3 O-O 11.Ke2 Nd4+ 12.Nxd4 cxd4 13.Bxd3 dxc3 14.bxc3 e5 15.Bc4 Bh3
16.Bd5 Qc8 17.f3 Kh8 18.Ba3 Bxa3 19.Qxa3 f5 20.Rab1 fxe4 21.Bxe4 Bg2 22.Bxb7 Qf5
23.c4 Rad8 24.Be4 Qh3 25.Qc1 Qh5 26.g4 Qh3 27.Rb3 Rd4 28.Qg1 Rxe4+ 29.fxe4 Qxg4+
30.Ke1 Qxe4+ 31.Re3 Qb7 32.Rb3 Qc6 33.Rb1 Bxh1  0-1

[Event "Acropolis IM Open"]
[Site "Athens GRE"]
[Date "2004.11.24"]
[Round "9"]
[White "Galanos,D"]
[Black "Drakopoulos,A"]
[Result "1/2-1/2"]
[WhiteElo "2128"]
[BlackElo "2175"]

1.c4 c5 2.Nc3 Nf6 3.Nf3 b6 4.g3 Bb7 5.Bg2 g6 6.O-O Bg7 7.d3 d6 8.Rb1 O-O
9.a3 Nbd7 10.b4 e6 11.Bb2 a6 12.Qb3 Qc7 13.Ba1  1/2-1/2

[Event "RusFed Internet Blitz Cup"]
[Site "ChessAssistantClub INT"]
[Date "2004.11.25"]
[Round "7"]
[White "Rustemov,A"]
[Black "Vorobiov,E"]
[Result "1/2-1/2"]
[WhiteElo "2602"]
[BlackElo "2524"]

1.Nf3 e6 2.c4 c5 3.Nc3 Nf6 4.e3 d5 5.d4 Nc6 6.a3 cxd4 7.exd4 Be7 8.c5 Ne4
9.Qc2 Bf6 10.Bb5 Nxc3 11.Qxc3 O-O 12.O-O Bd7 13.Bxc6 Bxc6 14.Bf4 b6 15.Rfc1 bxc5
16.Qxc5 Bb7 17.Qc7 Qxc7 18.Rxc7 Ba6 19.Rac1 Rfc8 20.h3 Bd8 21.Rxc8 Rxc8 22.Rxc8 Bxc8
23.Bd6 f6 24.Bc5 a6 25.b4 Kf7 26.Kf1 Bd7 27.Ke1 Bc7 28.Kd2 e5 29.Ke3 e4 30.Nd2 f5
31.f4 g5 32.g3 h5 33.h4 gxh4 34.gxh4 Bd8 35.Nb1 Bxh4 36.Nc3 Ke6 37.a4 Be1
38.Nd1 Bxa4 39.Nf2 Bxf2+ 40.Kxf2 Bd1 41.b5 axb5 42.Bb4 h4 43.Kg2 Bg4 44.Kh2 e3
45.Kg2 h3+ 46.Kg3 e2 47.Kh2 Kd7 48.Kg3 Kc6 49.Kh2 e1=Q 50.Bxe1 b4 51.Bxb4 Kb5
52.Bd6 Kc4 53.Be5 Kd3 54.Kg3 Ke4 55.Kh2 Kf3 56.Bd6 Kf2 57.Be5 Ke3 58.Kg3 Ke2
59.Kh2 Kf1 60.Bd6 Kf2 61.Be5 Kf3 62.Bd6 Ke4 63.Be5 Ke3 64.Kg3  1/2-1/2

[Event "RusFed Internet Blitz Cup"]
[Site "ChessAssistantClub INT"]
[Date "2004.11.25"]
[Round "10"]
[White "Poluljahov,A"]
[Black "Belov,Vl"]
[Result "0-1"]
[WhiteElo "2504"]
[BlackElo "2552"]

1.c4 Nf6 2.Nf3 c5 3.Nc3 e6 4.e3 d5 5.d4 Nc6 6.cxd5 exd5 7.Bb5 cxd4 8.Nxd4 Qc7
9.O-O Bd6 10.Nf3 a6 11.Be2 Be6 12.b3 Ne5 13.Bb2 Nxf3+ 14.gxf3 Bxh2+ 15.Kg2 Be5
16.Rc1 Qe7 17.Na4 Bxb2 18.Nxb2 O-O 19.Qd4 Rac8 20.Na4 Nd7 21.f4 Bf5 22.Nc3 Nf6
23.Bf3 Rfd8 24.Nxd5 Nxd5 25.Rxc8 Bxc8 26.Bxd5 Qd7 27.Rd1 Qg4+ 28.Kh2 Kh8
29.Rd2 Be6 30.Qe5 Qh4+ 31.Kg1 h6 32.e4 Qg4+ 33.Kh2 Qh4+ 34.Kg1 Rc8 35.Bc4 Bxc4
36.bxc4 Qg4+ 37.Kf1 Rxc4 38.Qa1 Rxe4 39.Qb1 Qxf4 40.Rd8+ Kh7 41.Rd7 f5 42.Qxb7 Qg5
43.Rd1 Rg4 44.Qxa6 Rg1+ 45.Ke2 Qg4+ 46.f3 Qg2+ 47.Ke3 Rxd1  0-1

[Event "TCh-SLO"]
[Site "Celje SLO"]
[Date "2004.11.29"]
[Round "1"]
[White "Srebrnic,V"]
[Black "Justin,M"]
[Result "1/2-1/2"]
[WhiteElo "2242"]
[BlackElo "2372"]

1.Nf3 c5 2.c4 Nf6 3.Nc3 e6 4.d4 cxd4 5.Nxd4 Bb4 6.Bd2 Nc6 7.e3 O-O 8.Be2 d5
9.Nxc6 bxc6 10.O-O Bd6 11.cxd5 cxd5 12.Nb5 Bb8 13.Bb4 Re8 14.Rc1 Bd7 15.Nd6 Bxd6
16.Bxd6 Ne4 17.Bc7 Qf6 18.Bd3 Qe7 19.Bxe4 dxe4 20.Qd6 Qxd6 21.Bxd6  1/2-1/2

[Event "TCh-SLO"]
[Site "Celje SLO"]
[Date "2004.11.29"]
[Round "1"]
[White "Tratar,M"]
[Black "Gomboc,M"]
[Result "1/2-1/2"]
[WhiteElo "2473"]
[BlackElo "2192"]

1.Nf3 Nf6 2.c4 c5 3.Nc3 b6 4.e4 d6 5.d4 cxd4 6.Nxd4 Bb7 7.f3 e6 8.Be2 Be7
9.O-O a6 10.Be3 Nbd7 11.a4 O-O 12.a5 d5 13.exd5 exd5 14.Nf5 Bc5 15.Bxc5 Nxc5
16.b4 Qd7 17.bxc5 Qxf5 18.cxb6 dxc4 19.Qd4 Rfd8 20.Qf2 Qe5 21.Ne4 Bxe4 22.fxe4 Rd2
23.Qe3 Qb2 24.Bf3 Ng4 25.Qc5 Ne5 26.Qe3 Ng4 27.Qc5 Ne5 28.Qe3  1/2-1/2

[Event "17th Belgrade Trophy"]
[Site "Obrenovac SCG"]
[Date "2004.11.29"]
[Round "8"]
[White "Dancevski,O"]
[Black "Guidarelli,L"]
[Result "0-1"]
[WhiteElo "2437"]
[BlackElo "2422"]

1.c4 c5 2.Nf3 Nf6 3.Nc3 e6 4.d4 cxd4 5.Nxd4 d6 6.e4 Be7 7.Be2 O-O 8.O-O a6
9.Be3 Qc7 10.Qd2 b6 11.Rfd1 Bb7 12.f3 Nbd7 13.Bf1 Rac8 14.Rac1 Qb8 15.Qf2 Rfe8
16.Kh1 Bd8 17.b3 Bc7 18.Nde2 Ba8 19.g4 Ne5 20.Ng3 d5 21.g5 Nfg4 22.fxg4 Nxg4
23.Qf3 Nxe3 24.Qxe3 Bf4 25.Qg1 Bxc1 26.Rxc1 dxc4 27.b4 b5 28.Qe3 Red8 29.Be2 Qd6
30.a3 Qd2 31.Qxd2 Rxd2 32.Nd1 Bxe4+ 33.Kg1 Rd4 34.Kf2 Bc6 35.Ne3 Rcd8 36.Ng4 Rd2
37.Ne5 Be8 38.Ke3 f6 39.gxf6 gxf6 40.Nf3 Rb2 41.Nd4 Bg6 42.h4 e5 43.Ne6 Rdd2
44.Nc5 f5 45.Rg1 Rdc2  0-1

[Event "17th Belgrade Trophy"]
[Site "Obrenovac SCG"]
[Date "2004.11.30"]
[Round "9"]
[White "Pavlovic,Mi2"]
[Black "Nestorovic,DN"]
[Result "0-1"]
[WhiteElo "2454"]
[BlackElo "2239"]

1.Nf3 c5 2.c4 Nf6 3.Nc3 b6 4.g3 Bb7 5.Bg2 e6 6.O-O Be7 7.d4 cxd4 8.Qxd4 d6
9.Bg5 a6 10.Bxf6 Bxf6 11.Qd3 Ra7 12.Rad1 Be7 13.Nd4 Bxg2 14.Kxg2 Qc8 15.f4 Nd7
16.b3 Rc7 17.Ne4 O-O 18.f5 Nc5 19.Qf3 Qb7 20.Nc3 Qxf3+ 21.Rxf3 Bf6 22.b4 Bxd4
23.Rxd4 Nb7 24.Re4 d5 25.cxd5 Nd6 26.Rd4 exf5 27.e4 fxe4 28.Nxe4 Nb5 29.Rd2 Rc4
30.Rf4 Rc7 31.d6 Rd7 32.a4 Na3 33.Rd3 Nc2 34.b5  0-1